INTERNATIONAL perspectives on forest school natural spaces to play and learn
Guardat en:
| Format: | Llibre |
|---|---|
| Idioma: | anglès |
| Publicat: |
SAGE
2013
|
| Etiquetes: |
Afegir etiqueta
Sense etiquetes, Sigues el primer a etiquetar aquest registre!
|
MARC
| LEADER | 00000nam a22000007a 4500 | ||
|---|---|---|---|
| 008 | 201216b ||||| |||| 00| 0 eng d | ||
| 020 | |a 978-1-4462-5914-6 | ||
| 245 | |a INTERNATIONAL perspectives on forest school |b natural spaces to play and learn |c edited by Sara Knight |g xix, 211p., ill | ||
| 250 | |c Knight, Sara | ||
| 260 | |b SAGE |c 2013 |h Los Angeles |i 692372 |i 692373 |l LB1047 .In8 |m Outdoor education | ||
| 500 | |a “It includes references and index”. | ||
| 942 | |a lcc |c BK |e O.A.JOHNSON |f 16/12/20 | ||
| 952 | |0 0 |1 0 |2 ddc |4 0 |6 LB_1047_000000000000000__IN8 |7 0 |9 608 |a HOL |b ED |c LP |d 2020-12-16 |l 0 |o LB1047 .In8 |p 2020-22927 |r 2020-12-16 00:00:00 |w 2020-12-16 |y BK | ||
| 952 | |0 0 |1 0 |2 lcc |4 0 |6 LB1047 I N8 |7 0 |9 609 |a HOL |b HOL |c LP |d 2020-12-16 |l 0 |o LB1047 .In8 |p 2020-22928 |r 2020-12-16 00:00:00 |w 2020-12-16 |y BK | ||
| 999 | |c 343 |d 343 | ||